000 00680cam a2200241 4500500
005 20260405003816.0
041 _afre
042 _adc
100 1 0 _ade Oliveira, Victorine
_eauthor
245 0 0 _aAntoine Pierlot : cordes sensibles
260 _c2023.
500 _a40
690 _aAutomatisation
690 _aConcert
690 _aCorps
690 _aGeste
690 _aMain
690 _aMusique
690 _aRépétition
690 _aRichard Sennett
786 0 _nPhilosophie magazine | 175 | 12 | 2023-12-01 | p. 19-20 | 1951-1787
856 4 1 _uhttps://shs.cairn.info/magazine-philosophie-magazine-2023-12-1-page-19?lang=fr&redirect-ssocas=7080
999 _c2071024
_d2071024